00871nam a22002531 4500001001300000003000400013005001700017008004100034010001700075025001900092040002200111050002200133111005800155245001700213260006400230300002700294490005900321504002900380500006200409650001300471710004500484830007100529999001700600sa 66005322 DLC20260227112248.0860109s1965 ii a b 100 0 eng  asa 66005322  aPL480:I-E-4938 aDLC/ICUcICUdDLC00aQP921.Q7bS9 19632 aSymposium on Natural Quinonesd(1963 :cDelhi, India)00aProceedings. aNew Delhi,bNational Institute of Sciences of Indiac[1965] a149 p.billus.c24 cm.1 aNational Institute of Sciences of India. Bull.vno. 28 aIncludes bibliographies. aOrganized by the National Institute of Sciences of India. 0aQuinone.2 aNational Institute of Sciences of India. 0aBulletin of the National Institute of Sciences of India ;vno. 28. c69893d69893